Aída : (Record no. 1347)

MARC details
000 -CABECERA
campo de control de longitud fija 00763ngm a2200193 a 4500
005 - FECHA Y HORA DE LA ÚLTIMA TRANSACCIÓN
campo de control 20210219145814.0
008 - ELEMENTOS DE LONGITUD FIJA--INFORMACIÓN GENERAL
campo de control de longitud fija 991125s1999 mx 160 d daspa u
035 ## - NÚMERO DE CONTROL DEL SISTEMA
Número de control de sistema UPN01000001347
049 ## - COLECCIÓN
Colección AV
099 ## - CLASIFICACIÓN LOCAL
Clasificación local PVI M 0802
100 1# - ASIENTO PRINCIPAL--NOMBRE PERSONAL
Nombre de persona Verdi, Giuseppi,
Fechas asociadas al nombre 1813-1901
245 10 - MENCIÓN DE TÍTULO
Título Aída :
Resto del título ópera en cuatro actos /
Mención de responsabilidad, etc. Giuseppi Verdi ; libreto Antonio Ghislanzoni, conductor Lorin Maazel.
260 ## - PUBLICACIÓN, DISTRIBUCIÓN, ETC.
Lugar de publicación, distribución, etc. México :
Nombre del editor, distribuidor, etc. Canal 22 :
-- CNCA,
Fecha de publicación, distribución, etc. 1999.
300 ## - DESCRIPCIÓN FÍSICA
Extensión 1 videocasete (VHS) (160 min.) :
Otras características físicas son., col.
440 #0 - MENCIÓN DE SERIE/ASIENTO SECUNDARIO--TÍTULO
Título Música
520 ## - NOTA DE RESUMEN, ETC.
Sumario, etc. Magnífica producción de la obra maestra de Verdi, fué un éxito rotundo cuando se estrenó en la Scala de Milan en diciembre de 1985, con la interpretación de Luciano Pavarotti
650 #4 - ASIENTO SECUNDARIO DE MATERIA - TERMINO TEMATICO
Término de materia o nombre geográfico como elemento de entrada OPERA
905 ## - TIPO DE MATERIAL
Tipo de material Audiovisuales
Holdings
Estado de retiro Estado de pérdida Fuente del sistema de clasificación o colocación Estado dañado No para préstamo Código de colección Localización permanente Ubicación/localización actual Ubicación en estantería Total de préstamos Clasificación Código de barras Fecha visto por última vez Número de copia Tipo de ítem Koha
    Library of Congress Classification     Audiovisuales Bib. Gregorio Torres Quintero Bib. Gregorio Torres Quintero Audiovisual   PVI M 0802 164845 31/12/2020 1 Videocasete